000 00635nam a2200217 a 4500
001 BRL_483
005 20190320210749.0
008 190813s1930----sp-a######---#000-0#spa-#
041 _aspa
044 _asp
050 4 _aF1435
_b.C63 1930
130 0 _aCódice Pre-Cortesiano
_924060
245 1 0 _aCódice Troano
260 _aMadrid
_bMatev artes e industrias graìticas
_c1930
_bil.
_ccódice de 23 x 416 cm, guarda 23 x 12 cm.
500 _aAu476
504 _aBibliografía: p.7
504 _aTexto en: Español, Inglés, Aleman , Frances.
650 1 4 _aManuscritos Maya
_vFacsímiles
_924061
902 _aGRL
942 _2lcc
_cB
999 _c9295
_d9295